Using periodicals in school library media centers : resources and activities /

Bibliographic Details
Main Author: Thomas, James L., 1945-
Format: Book
Language:English
Published: Minneapolis, Minn. : T.S. Denison, [1980]
Subjects:

MARC

Tag First Indicator Second Indicator Subfields
LEADER 00000cam a2200000 a 4500
001 in00000069992
005 20151008055936.0
008 800514s1980 miu b 00010 eng d
020 |a 0513016937 
035 |a (OCoLC)06314500 
035 |9 AAJ4777AM 
040 |a INT  |c INT  |d m.c.  |d TXA  |d UtOrBLW 
049 |a TXAM  |c [387861] 
090 |a Z692.S5  |b T47 
100 1 |a Thomas, James L.,  |d 1945- 
245 1 0 |a Using periodicals in school library media centers :  |b resources and activities /  |c by James L. Thomas. 
264 1 |a Minneapolis, Minn. :  |b T.S. Denison,  |c [1980] 
264 4 |c ©1980 
300 |a 54 pages ;  |c 28 cm. 
336 |a text  |b txt  |2 rdacontent 
337 |a unmediated  |b n  |2 rdamedia 
338 |a volume  |b nc  |2 rdacarrier 
650 0 |a Serials control systems. 
650 0 |a School libraries  |x Activity programs. 
650 0 |a Instructional materials centers. 
650 0 |a Children's periodicals, American  |x Bibliography. 
650 0 |a American periodicals  |v Bibliography. 
999 |a MARS 
999 f f |s aae6cedc-7f53-3417-ab5d-0f5c2e07a502  |i d235972d-9383-3666-a325-a0be0fe7d113  |t 0 
952 f f |p ric  |a Texas A&M University  |b Rellis Campus  |c Joint Library Facility  |d Remote Storage  |t 0  |e Z692.S5 T47  |h Library of Congress classification  |i unmediated -- volume  |m A14806262568 
998 f f |a Z692.S5 T47  |t 0  |l Remote Storage